02543 2201105 4500001002100000005001500021035002000036007000300056008004100059020002200100082001100122084001700133100003600150245013500186250001000321300003400331500003700365650003300402650002700435700003000462264003100492336002100523337003000544338002300574990001200597990001200609990001200621990001200633990001200645990001200657990001200669990001200681990001200693990001200705990001200717990001200729990001200741990001200753990001200765990001200777990001200789990001200801990001200813990001200825990001200837990001200849990001200861990001200873990001200885990001200897990001200909990001200921990001200933990001200945990001200957990001200969990001200981990001200993990001201005990001201017990001201029990001201041990001201053990001201065990001201077990001201089990001201101990001201113990001201125990001201137990001201149990001201161990001201173990001201185990001201197990001201209990001201221990001201233990001201245990001201257990001201269990001201281990001201293990001201305990001201317990001201329990001201341990001201353990001201365990001201377990001201389990001201401990001201413990001201425INLIS00000000000026520231025081154 a0010-1023000046ta231025 0 ind  a978-602-445-483-8 a004.65 a004.65 DEN a0 aDendi Arafah SuhandiePengarang1 aAdministrasi Infrastruktur Jaringan 1 SMK/MAK Kelas XI :bKompetensi Keahlian Teknik Komputer dan Jaringan /cDendi Arafah Suhandi acet 1 avii, 119 hlm :bilus ;c26 cm aKurikulum 2013 Edisi Revisi 2017 4aTeknik Komputer dan Jaringan 4aInfrastruktur Jaringan0 aSanti remediaePenyunting aBogor :bYudhistira,c2019 2rdacontentateks 2rdamediaatanpa perantara 2rdacarrieravolume a21.0385 a21.0386 a21.0387 a21.0388 a21.0389 a21.0390 a21.0391 a21.0392 a21.0393 a21.0394 a21.0395 a21.0396 a21.0397 a21.0398 a21.0399 a21.0400 a21.0401 a21.0402 a21.0403 a21.0404 a21.0405 a21.0406 a21.0407 a21.0408 a21.0409 a21.0410 a21.0411 a21.0412 a21.0413 a21.0414 a21.0415 a21.0416 a21.0417 a21.0418 a21.0419 a21.0420 a21.0421 a21.0422 a21.0423 a21.0424 a21.0425 a21.0426 a21.0427 a21.0428 a21.0429 a21.0430 a21.0431 a21.0432 a21.0433 a21.0434 a21.0435 a21.0436 a21.0437 a21.0438 a21.0439 a21.0440 a21.0441 a21.0442 a21.0443 a21.0444 a21.0445 a21.0446 a21.0447 a21.0448 a21.0449 a21.0450 a21.0451 a21.0452 a21.0453 a21.0454